Jessie - Statistiques

Statistiques générales
  • Ce quiz a été pris 770 fois
  • Le résultat moyen est 10 sur 13
Statistiques - réponses
question réponse % Correct
Nom de la blonde Emma
95%
Nom de la petite Zuri
92%
Nom de l'indien Ravi
90%
Nombre de saison 4
89%
Nom de la ville New York
89%
Nom du majordome Bertrand
88%
Métier de rêve de Jessie Actrice
87%
Nom (cameron boyce) Luke
84%
Nom de famille Ross
76%
Nom du reptile Mme Kipling
70%
Nom du portier Tony
69%
Métier du père Réalisateur
68%
Nom de la suite de la série Camps Kikiwaka
39%
Aucun quiz correspondant
Distribution des résultats
% des personnes avec chaque résultat
Percentile par nombre de réponses
Votre historique - résultats
Vous n’avez pas pris ce quiz